| 000 | 00452nam a2200181Ia 4500 | ||
|---|---|---|---|
| 003 | 0100 | ||
| 008 | 130303s9999 xx 000 0 und d | ||
| 040 | _cARRUPELIB | ||
| 050 | _aLB775.G831973 | ||
| 100 | _aGreene, Maxine | ||
| 245 | _aTeacher as Stranger | ||
| 245 | _bEducational Philosophy for the Modern Age | ||
| 260 | _aBelmont, California | ||
| 260 | _bWadsworth Publishing Company Inc | ||
| 260 | _C1973 | ||
| 300 | _a308p | ||
| 942 | 0 | 0 | _018 |
| 999 |
_c31392 _d31392 |
||